000 00562cam a2200205ua 4500
001 1308
008 110701n ii |||gr||||Z||||||eng
020 _a978-1-9567628-0
040 _cMAIN
082 _a338.9
100 1 _aHayami, Yujiro.,
245 1 _aDevelopement economics. :
_bfrom the poverty to the wealth of nations /
_cBy Yujiro Hayami.
250 _a3rd.
260 _aNew Delhi.:
_bOxford.,
_c2008.
300 _axiii, 430 p.:
_c20 cm.
653 _aEconomics.
653 _aDevelopement economics.
700 1 _aGodo, Yoshihisa.,
942 _cBK
999 _c1208
_d1208